01836 a2200193 45000010006000000050017000060080041000230030015000640400040000790800057001192450054001760200022002302640034002523000019002865051201003050410008015061000034015148560094015484263520260407155714.0260407a2017 arg spa dAR-UNSa-BCEJYS aAR-UNSa-BCEJYSbspacAR-UNSa-BCEJYS a343.13xProcedimiento penal. Derecho procesal penal 10aDerecho Penal y Procesal penalpnuevos escenarios a978-987-4405-02-9 1aBuenos Aires :bErreiusc2017 a111 p.c26 cm. a1. Evolución del delito de trata de personas en la legislación nacional / Roberto Godoy Lemos - Inda Browarnik - 2. ¿Debe modificarse el régimen de libertad condicional en la Argentina? El divorcio entre la realidad y el discurso; la hipocresía del tero, gritar en un lugar y poner los huevos en otro / Lucas Grenni - 3. Régimen penal juvenil: algunas reflexiones sobre su posible reforma / Ricardo A. Grisetti- David M. Meriles - 4. Acerca de la decalración de la Cámara Federal de Apelaciones de La Plata de la imprescriptibilidad de los actos que impliquen corrupción / Nadia Komarofky - 5. La naturaleza punitiva de la expulsión de extranjeros / Mariano R. La Rosa - 6. El protocolo de actuación de las fuerzas de seguridad del Estado en manifestaciones públicas, desde un análisis jurídico / María P. Livio- Germán Blanco - 7. La Corte Suprema bajo fuego: comentario al fallo "Recurso de hecho deducido por la defensa de Luis Muiña en la causa `Bignone, Reynaldo Benito antonio y otro s/recurso extraordinario´" - 8. Violencia de género y derecho penal en el siglo XXI / José L. Puricelli - 9. La acción penal y su extinción / Adrián R. Tellas - aspa1 aRomero Villanueva, Horacio J.41uhttps://biblioeco.unsa.edu.ar/pmb/images/libros/E00063.jpgyImagen de portadaqimage/jpeg